Udržateľnosť malého podniku v ére turbulencií a zložitostí diplomová práca

Na minha lista:
Detalhes bibliográficos
Autor principal: Bielik, Alan
Autor Corporativo: Fakulta podnikového manažmentu EU. Katedra manažmentu
Outros Autores: Mišúnová Hudáková, Ivana, 1976-
Formato: Livro
Idioma:eslovaco
Publicado em: Bratislava 2024
Tags: Adicionar Tag
Sem tags, seja o primeiro a adicionar uma tag!

MARC

LEADER 00000nbm a2200000 4500
001 0300949
005 20250905103720.6
041 0 |a slo 
044 |a SK 
245 1 0 |a Udržateľnosť malého podniku v ére turbulencií a zložitostí  |b diplomová práca  |c Alan Bielik ; školiteľ: Ivana Mišúnová Hudáková 
264 1 |a Bratislava  |c 2024 
300 |a 83 s. 
100 1 |a Bielik, Alan 
700 1 |a Mišúnová Hudáková, Ivana, 1976- 
710 2 |a Fakulta podnikového manažmentu EU. Katedra manažmentu